Handbook of human development : (Record no. 29027)

MARC details
000 -LEADER
fixed length control field 01508nam a22003615a 4500
005 - DATE AND TIME OF LATEST TRANSACTION
control field 20090808120818.0
008 - FIXED-LENGTH DATA ELEMENTS--GENERAL INFORMATION
fixed length control field 090117s2009 ii a g b 000 0 eng d
010 ## - LCCN (DPL NO)
LC control number ENG-94675
020 ## - INTERNATIONAL STANDARD BOOK NUMBER
International Standard Book Number 9780195692334
Terms of availability 895.00
020 ## - INTERNATIONAL STANDARD BOOK NUMBER
International Standard Book Number 0195692330
Terms of availability 895.00
035 ## - SYSTEM CONTROL NUMBER
System control number EN-78208
037 ## - SOURCE OF ACQUISITION
Stock number DBAD / PUB
040 ## - CATALOGING SOURCE
Original cataloging agency dpl
Language of cataloging English
082 ## - DEWEY DECIMAL CLASSIFICATION NUMBER
Classification number 338.9
245 ## - TITLE STATEMENT
Title Handbook of human development :
Remainder of title concepts, measures, and policies /
Statement of responsibility, etc edited by Sakiko Fukuda-Parr [and] A.K. Shiva Kumar ; foreword by Amartya Sen.
246 ## - VARYING FORM OF TITLE
Title proper/short title Readings in human development
246 ## - VARYING FORM OF TITLE
Title proper/short title Hand book of human development
260 ## - PUBLICATION, DISTRIBUTION, ETC. (IMPRINT)
Place of publication, distribution, etc New Delhi
Name of publisher, distributor, etc Oxford University Press
Date of publication, distribution, etc 2009
270 ## - ADDRESS
Address YMCA Library Building, Jai Singh Road,
City New Delhi
Postal code 110001
300 ## - PHYSICAL DESCRIPTION
Extent xxxi, 518p. :
Other physical details ill. ;
Dimensions 26cm(Hb)
500 ## - GENERAL NOTE
General note Contributed articles.
500 ## - GENERAL NOTE
General note On t.p.: UNDP.
504 ## - BIBLIOGRAPHY, ETC. NOTE
Bibliography, etc Includes bibliographical references
650 ## - SUBJECT ADDED ENTRY--TOPICAL TERM
Topical term or geographic name as entry element Economic development
Form subdivision Handbooks, manuals, etc.
650 ## - SUBJECT ADDED ENTRY--TOPICAL TERM
Topical term or geographic name as entry element Economic policy
Form subdivision Handbooks, manuals, etc.
650 ## - SUBJECT ADDED ENTRY--TOPICAL TERM
Topical term or geographic name as entry element Social policy
Form subdivision Handbooks, manuals, etc.
650 ## - SUBJECT ADDED ENTRY--TOPICAL TERM
Topical term or geographic name as entry element Quality of life
Form subdivision Handbooks, manuals, etc.
700 ## - ADDED ENTRY--PERSONAL NAME
Personal name Fukuda-Parr, Sakiko,
Dates associated with a name 1950-
700 ## - ADDED ENTRY--PERSONAL NAME
Personal name Shiva Kumar, A. K.
710 ## - ADDED ENTRY--CORPORATE NAME
Corporate name or jurisdiction name as entry element United Nations Development Programme (India)
942 ## - ADDED ENTRY ELEMENTS (KOHA)
Source of classification or shelving scheme Dewey Decimal Classification
Item type English Books
Classification part 338.9
Call number suffix HAN
Holdings
Withdrawn status Lost status Source of classification or shelving scheme Damaged status Not for loan Collection code Home library Current library Date acquired Source of acquisition Cost, normal purchase price Total Checkouts Full call number Barcode Date last seen Copy number Cost, replacement price Koha item type
    Dewey Decimal Classification   Not For Loan Non-fiction D.B.Act.Division D.B.Act.Division 08/08/2009 DBAD / PUB 895.00   338.9 HAN EN-78208 08/08/2009 1 895.00 English Books

© Delhi Public Library
Hit Counter
free hit counter